00829nam a22002177a 4500999001700000008004100017020001800058020001500076050002500091100002500116245001800141250003300159260004900192300007600241500006800317650002700385700002200412700001900434942003500453952012300488 c14099d14099160927b xxu||||| |||| 00| 0 eng d a9780321699121 a0321699122 aQA 276.12 b.D4 2012 aDe veaux, Richard D. aIntro stats / a3rd ed., bTechnology update aBoston : bPearson Addison-Wesley,c ©2012. a767, [63] p. :b ill. (some color) ; c29 cm e+ 2 DVD-ROMs (4 3/4 in.) aRevised edition of: Intro stats. 3rd ed. c2009. Includes index. aStatisticsxtextbooks. aVelleman, Paul F. aBock, David E. 2lcccBOOKShQA 276.12 .D4 2012 00102lcc4070aMUCbMUCcGENd2016-09-27eDonation(BFA)l0oQA 276.12 .D4 2012p26041r2018-10-03w2016-09-27yBOOKS